000 00864nam a2200241Ia 4500
003 OSt
005 20220927105342.0
006 a|||||r|||| 00| 0
007 ta
008 220926b |||||||| |||| 00| 0 eng d
024 _a194687
037 _cReference Collections
040 _aRTL
_cRTL
_beng
041 _2eng
_aeng
082 _a"X65:515.2, P8/Th"
100 _aVerma Shalini
_9371891
245 0 _aEmpirical study of the relationship between futures and spot markets for financial derivatives in India.
260 _a"Delhi,"
_bUniversity of Delhi.
_c2008
300 _a"iii, 196p Bibliography: P 189-96"
_ccm.
490 _a"University of Delhi, Commerce (Deptt. of-), Thesis). Thesis, University of Delhi, Commerce (Deptt. of-"
942 _h"X65:515.2, P8/Th"
_cCC
999 _c692051
_d692051